000 00543nam a22001817a 4500
005 20231106141118.0
008 231106b |||||||| |||| 00| 0 eng d
020 _a9780409026320
041 _aEnglish
082 _a346.5 DUT
100 _adu Toit, F
_lEnglish
245 _aSouth African Trust Law :
_bPrinciples and Practice /
_cF du Toit
250 _aSecond Edition
260 _aDurban :
_bLexisNexis,
_c2007
300 _bxiii, 240 pages ;
_c25 cm.
650 _aLegal practice
_bLaw
942 _cBK
_6ALISON_BN_VRIES
999 _c331
_d331